shameless trivia - Statistics

General Stats
  • This quiz has been taken 438 times
  • The average score is 12 of 15
Answer Stats
Question Answer % Correct
What is Debbies full name? Deborah
98%
What does Ian suffer from? Bipolar
97%
Who is the oldest sibling out of the Gallaghers? Fiona
97%
During what holiday did Monica attempt to commit suicide? Thanksgiving
89%
Which family member gets into Fionas coke? Liam
88%
Mickey has a son named...? Yevgeny
88%
Who did Debbie have a baby with? Derek
87%
Who is not biologically franks child? Ian
86%
Which one of Fionas boyfriends was a musician? Gus
81%
What is the Gallaghers piggy bank called squirrel fund
77%
Which of the Gallaghers have NOT dated a Milkovich? Carl
75%
Who is Ians cellmate in prison? Mickey
75%
In which season does Ian and Mickey get married in? 10
71%
What is the name of Carls girlfriend that Debbie tries to kiss? Kelly
68%
How old is Debbie in season 1? 11
21%
No matching quizzes found
Score Distribution
Percent of People with Each Score
Percentile by Number Answered
Your Score History
You have not taken this quiz